01149nam a2200349 i 450000100060000000300090000600500170001500800390003201500170007104000280008804600090011608000100012508000100013510000420014524500470018726000550023430000440028933600270033333700540036033800280041438000160044238000230045838800140048149000280049550400400052365000220056365000190058565800280060471000410063283000280067385600980070125646KOSZ 00520220117144133.0070226s1971 pl a f 000 0 pol aPB 1972/1754 aWA NcWA NdKOSZ 005/RW k1971 a621.4 a665.61 aBernhardt, Maciejd(1923-2017)eAutor10aSilniki wielopaliwowe /cMaciej Bernhardt. aWarszawa :bWydawnictwa Naukowo-Techniczne,c1971. a203, [1] strony :bilustracje ;c24 cm. aTekstbtxt2rdacontent aBez urządzenia pośredniczącegobn2rdamedia aWoluminbnc2rdacarrier aKsiążki aPublikacje naukowe a1901-20001 aNowa Technika ;vz. 97. aBibliografia na stronach 199-[204]. 4aSilniki spalinowe 4aPaliwa płynne aInżynieria i technika2 aWydawnictwa Naukowo-Techniczne4pbl. 0aNT Nowa Technikavz. 97 uhttp://koha.tu.koszalin.pl/cgi-bin/koha/opac-detail.pl?biblionumber=25646yKatalog online BPK